| 000 | 00698nam a2200205 i 4500 | ||
|---|---|---|---|
| 001 | 83668 | ||
| 003 | ES-MaACL | ||
| 005 | 20250912063046.0 | ||
| 007 | t| | ||
| 008 | 041118s1965 sp ||||1| spa d | ||
| 080 | _a821.134.2-32"19" | ||
| 100 | 1 |
_aDíaz de la Jara, Jorge, _d1934- _9173700 |
|
| 245 | 1 | 0 |
_aLucía y el caballo / _cJorge de la Jara. |
| 260 |
_a[Madrid : _bMagical, _c1965] |
||
| 300 |
_a245 p. ; _c18 cm. |
||
| 505 | 8 | _aContiene: El perro ; Heildelberg ; La ciudad: texto bilingüe en inglés y en español / traducción inglesa por Marilyn Johnson Lanstreet | |
| 700 | 1 |
_aLandstreet, Marilyn Johnson. _969982 |
|
| 852 | 4 |
_aES-MaACL _jC-28397 |
|
| 999 |
_c83668 _d83668 |
||